000 01199cam a22002771 4500
001 hew59000095
003 DLC
005 20260227111510.0
008 720330s1959 xx 000 0 eng
010 _ahew59000095
035 _a(OCoLC)273610
040 _aDLC
_cODaWU
_dOCoLC
_dDLC
042 _apremarc
050 0 0 _aL111
_b.A6 1959, no. 22
051 _aL111
_b.A78 no. 32
100 1 _aReason, Paul L.,
_d1917-
_ecomp.
245 1 0 _aProperty accounting for local and State school systems.
260 _bU.S. Dept. of Health, Education, and Welfare, Office of Education
_c[1959]
300 _a194 p.
410 1 0 _aUnited States.
_bOffice of Education.
_tBulletin, 1959,
_vno. 22
410 1 0 _aUnited States.
_bOffice of Education.
_tState educational records and reports series, handbook
_vno. 3
501 _aCopies 1 and 2 of L111.A6 with: Financial accounting for school activities / Everett V. Samuelson. Washington : U.S. Dept. of Health, Education, and Welfare, Office of Education, 1959. Bound together subsequent to publication.
_5DLC
650 0 _aSchools
_xAccounting.
650 0 _aSchools
_xFurniture, equipment, etc.
700 1 _aTankard, George Granville,
_d1920-
_ejoint comp.
999 _c34222
_d34222